[Event "1st Gujarat GM Open 2018"]
[Site "Ahmedabad"]
[Date "2018.10.06"]
[Round "2"]
[White "Saranya, J."]
[Black "Audi Ameya"]
[Result "1-0"]
[WhiteElo "2071"]
[BlackElo "2375"]
[Annotator "TA"]
[PlyCount "87"]
[EventDate "2018.10.05"]
[EventType "swiss"]
[EventCountry "IND"]
[SourceTitle "playchess.com"]
[Source "ChessBase"]
[SourceQuality "1"]

{[%evp 16,87,14,12,54,46,61,52,145,156,137,144,146,137,129,131,119,131,165,155,167,155,186,200,1393,443,1054,443,833,-261,89,92,95,80,80,88,85,80,97,91,96,90,83,90,131,128,90,72,277,72,422,418,408,398,372,352,1093,1017,1814,1827,1775,1708,1681,1375,29975,29969,29990,29990,29990,29991,29992,29993,29994,29995]} 1. e4 e5 2. Nf3 Nc6 3. Bc4 Bc5 4. c3 Nf6 5. d3 a6 6. O-O d6 7. a4 O-O 8. Nbd2 {C54: Giuoco Piano: 4 c3 Nf6, main lines with 5 d4 and 5 d3} Ba7 9. h3 {LiveBook: 58 Games} Nh5 $146 ({Predecessor:} 9... h6 10. Re1 Ne7 11. Bb3 Ng6 12. d4 Re8 13. Bc2 Bd7 14. Nf1 c5 15. dxc5 dxc5 {1-0 (42) Anand,V (2776)-Nakamura,H (2787) Moscow 2018}) 10. Nxe5 $1 {White is slightly better.} Nxe5 11. Qxh5 b5 ({Black should play} 11... Qe8 $14) 12. Ba2 $1 $16 (12. axb5 $6 axb5 13. Ba2 Nxd3 $11) 12... Nxd3 13. Nf3 $1 {[%cal Rf3g5]} ({Resist} 13. axb5 $6 Be6 $14) (13. Qd5 Nf4 $19) 13... Qf6 14. Bg5 Qg6 15. Qxg6 hxg6 16. Bd5 $36 {[%mdl 2048] White is on the roll.} Rb8 17. axb5 Bb7 18. bxa6 Bxd5 19. exd5 Rb7 $2 (19... Rxb2 20. Nd4 Ra8) 20. b4 (20. axb7 $142 Bb8 21. Be3) 20... Rxb4 (20... Rbb8 $142 21. Be3 Bxe3 22. fxe3 Rfe8) 21. Be3 (21. cxb4 $142 Ra8 22. Bd2) 21... Rb2 (21... Bxe3 $142 22. cxb4 Ba7) 22. Rfc1 $4 {[%mdl 8192]} (22. Bxa7 $18 {is the narrow road to win.} Ra8 23. Be3) 22... Ra8 $2 {[#]} ({Not} 22... Nxc1 23. Bxa7 Ra8 24. Bd4 $11) ({Better is} 22... Bxe3 $19 23. fxe3 Nxc1 24. Rxc1 Ra8) 23. Rcb1 $1 Rxb1+ 24. Rxb1 Bxe3 25. fxe3 {[%mdl 4096] Endgame KRN-KRN} Kf8 {[#]} 26. Rb7 $1 {Threatens to win with a7.} Rxa6 27. Rxc7 Ke8 28. c4 Ra1+ 29. Kh2 Ne1 {intending ...Nxf3+.} 30. Ng5 Ra2 31. Nxf7 {And now Kg1 would win.} Rxg2+ 32. Kh1 Rg3 $2 {[%mdl 8192]} (32... Rf2 $16 {is tougher.} 33. Ng5 (33. Nxd6+ Kd8 $11) 33... Nf3 34. Nxf3 Rxf3) 33. Nxd6+ $18 Kd8 {( -> ...Nf3)} 34. Ra7 Nf3 {[%csl Gf3][%cal Rg3g1]} 35. Ra1 g5 $2 (35... Ne5 36. Kh2 Rxe3) 36. c5 {[%cal Bc4c5,Bc5c6,Bc6c7][%mdl 32]} Rxh3+ 37. Kg2 g4 38. c6 Nh4+ 39. Kf2 {Threatening mate with Ra7.} g3+ 40. Ke2 {White mates.} Kc7 41. Nb5+ Kb6 42. c7 Rh2+ 43. Kd3 Kb7 44. Ra7+ {Precision: White = 78%, Black = 37%.} 1-0

[Event "1st Gujarat GM Open 2018"]
[Site "Ahmedabad"]
[Date "2018.10.06"]
[Round "2"]
[White "Soham Datar"]
[Black "Sidhant, Mohapatra"]
[Result "1/2-1/2"]
[WhiteElo "2060"]
[BlackElo "2341"]
[Annotator "TA"]
[PlyCount "88"]
[EventDate "2018.10.05"]
[EventType "swiss"]
[EventCountry "IND"]
[SourceTitle "playchess.com"]
[Source "ChessBase"]
[SourceQuality "1"]

{[%evp 9,88,0,16,0,0,0,0,0,21,-8,-7,0,6,18,35,0,0,0,0,0,0,0,0,0,-6,0,0,0,0,0,0,-5,-11,-10,-18,-65,-48,-57,-2,0,5,0,45,0,0,0,0,0,0,0,0,0,0,0,0,-5,0,0,0,0,0,0,0,0,0,0,0,0,0,0,40,48,188,81,62,98,126,0,0,0,0]} 1. Nf3 c5 2. e4 e6 3. b3 b6 4. Bb2 Bb7 5. Nc3 a6 6. d4 {B40: Sicilian: 2...e6, Unusual lines} cxd4 7. Qxd4 (7. Nxd4 Qc7 8. Qd2 Nf6 9. f3 Nc6 10. Nxc6 dxc6 11. O-O-O Be7 12. Bd3 b5 13. e5 Nd7 14. Ne4 Nxe5 15. Qc3 {1-0 (35) So,W (2780)-Vallejo Pons,F (2707) Leon 2018}) 7... Nc6 8. Qd2 Qc7 9. a3 $146 ({Predecessor:} 9. Be2 Nf6 10. O-O Be7 11. Rad1 d6 12. Kh1 b5 13. a3 O-O {1-0 (30) Szieberth,A (2317)-To,N (2291) Hungary 2015}) 9... Nf6 10. Bd3 Rc8 11. O-O Bd6 12. Ne2 (12. Qg5 $5 {[%cal Rg5g7]} Kf8 13. Nd5 exd5 14. e5 Nxe5 15. Nxe5 $14) 12... Ne5 13. Nxe5 Bxe5 14. Bxe5 Qxe5 15. f3 d5 16. exd5 Qxd5 17. Qb4 Qc5+ 18. Qxc5 Rxc5 19. c4 Ke7 20. Rfd1 Rc7 21. Kf2 g5 22. b4 Nd7 23. Nc3 f5 ({Black should play} 23... Ne5 $15) 24. Be2 h5 25. Rd4 Bc6 26. Re1 Ne5 27. Bf1 Kf6 $1 28. Rd6 Rd7 29. Nd5+ Bxd5 30. Rxd7 Nxd7 31. cxd5 exd5 32. Bxa6 $11 {[%mdl 4096] Endgame KRB-KRN} Ra8 33. Bb5 Ne5 34. a4 Rc8 35. a5 bxa5 36. bxa5 Rc5 37. Rb1 Rc2+ 38. Ke3 Ra2 39. a6 {Strongly threatening Kd4.} Ke6 40. Rb4 {Ra4 is the strong threat.} Ra5 {[#]} (40... f4+ $1 $14 41. Kd4 Ra5) 41. f4 (41. Ra4 $1 $18 {[%cal Ra4a5] has better winning chances.} Rxb5 42. a7 Nc4+ 43. Kd4 (43. Rxc4 Ra5 $14)) 41... gxf4+ 42. Kxf4 {aiming for Ra4.} Nc4 43. Bxc4 (43. g3 $16) 43... dxc4 44. Rxc4 {Hoping for Rc6+.} Rxa6 {Precision: White = 50%, Black = 60%.} 1/2-1/2

[Event "1st Gujarat GM Open 2018"]
[Site "Ahmedabad"]
[Date "2018.10.06"]
[Round "2"]
[White "Nikhil Magizhnan"]
[Black "Rathanvel, V S"]
[Result "0-1"]
[WhiteElo "2056"]
[BlackElo "2341"]
[Annotator "TA"]
[PlyCount "125"]
[EventDate "2018.10.05"]
[EventType "swiss"]
[EventCountry "IND"]
[SourceTitle "playchess.com"]
[Source "ChessBase"]
[SourceQuality "1"]

{[%evp 27,125,0,0,-27,6,-12,-14,-20,-15,-21,-17,-24,-16,-62,-22,-85,-74,-79,-83,-78,-83,-74,-30,-76,-76,-76,-76,-73,-76,-76,-75,-161,-138,-207,-209,-204,-222,-224,-233,-277,-279,-331,-289,-283,-287,-481,-485,-516,-214,-196,-180,-172,-116,-143,-154,-334,-322,-522,-521,-521,-518,-481,-494,-494,-486,-685,-694,-670,-596,-538,-480,-1189,-666,-1021,-602,-737,-737,-737,-737,-735,-439,-709,-668,-622,-620,-534,-485,-3742,-2666,-29982,-29983,-29983,-29984,-29991,-29992,-29992,-29993,-29996,-29997,-29997]} 1. e4 c5 2. Nf3 d6 3. d4 cxd4 4. Nxd4 Nf6 5. Nc3 a6 6. Be2 e6 7. O-O Be7 8. Be3 O-O 9. a4 Nc6 10. Nb3 b6 11. f4 Bb7 12. Bf3 Qc7 13. Qe2 Rfe8 14. Qf2 {B85: Sicilian Scheveningen: 6 Be2 a6, lines with early Be3} Nd7 {LiveBook: 9 Games} 15. Qg3 $146 ({Predecessor:} 15. Rad1 Rab8 16. e5 dxe5 17. f5 exf5 18. Nd5 Qc8 19. Bxb6 Bf8 20. Be2 Ne7 21. Nxe7+ Rxe7 {0-1 (37) Morshedi,A (2266)-So,W (2762) Las Vegas 2014}) 15... Na5 16. Nxa5 {The position is equal.} bxa5 17. Bd4 {[%csl Gd4][%cal Rg3g7]} e5 18. Be3 exf4 19. Bxf4 Bf6 20. Kh1 Be5 21. Ne2 (21. Be2 $11 {keeps the balance.}) 21... Nf6 22. Bxe5 Rxe5 23. Nc3 Qb6 24. Rad1 Rc8 ({But not} 24... Nxe4 $6 25. Nxe4 Bxe4 26. Bxe4 $14) 25. Bg4 Nxg4 26. Qxg4 Qxb2 27. Qd7 {[#]} Rf8 $1 {Hoping for ...Bc8.} 28. Rxd6 {Qxf7+! would kill now.} h6 29. Nd1 (29. Nd5 $17 Bxd5 30. Rxd5) 29... Qb4 $40 {[%mdl 128] Black goes for the king.} 30. Rd4 {[#]} (30. Nf2 $17) 30... Qc5 $1 $19 31. Qd6 Qxd6 32. Rxd6 Rxe4 33. Nf2 Rxa4 34. Nd3 Rc4 35. Rb6 Be4 36. Rxa6 $2 (36. Ra1) 36... Rxc2 37. Nf2 Bd5 (37... Ra8 $142 38. Rxa8+ Bxa8) 38. Rxa5 Bc4 39. Rc5 Re8 (39... Rd8 $19 40. Rg1 Rd4) 40. Rg1 Ree2 41. Nh3 $2 (41. Ng4 $17) 41... g5 42. Rd1 $2 (42. Nxg5 {keeps fighting.} hxg5 43. Rxg5+ Kh7 44. Rc5) 42... Kg7 43. Rc6 {[#]} Bd5 $1 {[%mdl 512]} 44. Rxc2 (44. Rxd5 Re1+) 44... Bxg2+ $1 45. Kg1 Rxc2 {[%mdl 4096] Endgame KRB-KRN} 46. Nf2 (46. Rd3 $142) 46... Bf3 47. Ra1 h5 48. h3 f6 49. Ra4 (49. Ra3 $142 g4 50. hxg4 hxg4 51. Nd3) 49... Kg6 50. Ra6 Kf5 51. Ra3 g4 52. hxg4+ hxg4 53. Nd3 Rd2 54. Nf2 (54. Ra5+ $142 Ke4 55. Nf2+ Kf4 56. Ra4+ Kf5 57. Ra3) 54... Rb2 55. Nd3 Rg2+ 56. Kf1 Rh2 57. Nf2 (57. Ra5+ $142 Ke4 58. Ne1) 57... Kf4 58. Kg1 g3 {Black mates.} 59. Ra4+ Kf5 60. Ra1 Rg2+ 61. Kf1 Rxf2+ 62. Kg1 Rh2 {[%csl Gf3][%cal Rh2h1]} 63. Ra5+ {Precision: White = 35%, Black = 69%.} 0-1

[Event "1st Gujarat GM Open 2018"]
[Site "Ahmedabad"]
[Date "2018.10.06"]
[Round "2"]
[White "Jay Kundaliya"]
[Black "Mohammad Minhaz Uddin"]
[Result "1-0"]
[WhiteElo "2047"]
[BlackElo "2328"]
[Annotator "TA"]
[PlyCount "39"]
[EventDate "2018.10.05"]
[EventType "swiss"]
[EventCountry "IND"]
[SourceTitle "playchess.com"]
[Source "ChessBase"]
[SourceQuality "1"]

{[%evp 11,39,0,-1,-47,-31,-48,0,0,6,-41,12,10,60,42,46,44,155,157,149,156,429,418,420,425,591,584,735,526,511,518]} 1. e4 e5 2. Bc4 Nf6 3. Nc3 Bb4 4. Nge2 O-O 5. O-O Nxe4 6. Nxe4 {C27: Vienna Game: 2...Nf6 3 Bc4 Nxe4} d5 {LiveBook: 3 Games} 7. d4 {[#] Bg5 is the strong threat.} dxc4 8. dxe5 {Black is slightly better.} Qe7 9. Qd5 $146 ({Predecessor:} 9. Bf4 Nc6 10. c3 Ba5 11. Qd5 Be6 12. Qc5 Bb6 13. Qxe7 Nxe7 {0-1 (39) Srebrnic,V (2230)-Mikhalchishin,A (2530) Ljubljana 1994}) 9... Nc6 {Hoping for ...Rd8.} 10. a3 Rd8 (10... Be6 $15 11. Qb5 Ba5) 11. Qxc4 $11 Be6 12. Qb5 $36 {[%mdl 2048] White has the initiative.} a6 13. Qxb7 Bd5 {[#]} (13... Qe8 $1 $14) 14. Bg5 $1 $16 {[%cal Rg5e7]} ({Don't blunder} 14. axb4 $2 Nd4 $19) 14... Qxe5 15. Bxd8 ({But not} 15. axb4 $2 Nd4 $19) 15... Rxd8 $2 (15... Rb8 $16 {keeps fighting.} 16. Qxb8 (16. Qxc7 Qxe4 17. Nf4 Ba5 $16) 16... Qxe4) 16. N2c3 $18 Rb8 17. Qxa6 Bxe4 {White is clearly winning.} 18. axb4 Nd4 {( -> ...Nf3+!)} 19. Nxe4 Qxe4 20. Rfe1 {Precision: White = 68%, Black = 31%.} 1-0

[Event "1st Gujarat GM Open 2018"]
[Site "Ahmedabad"]
[Date "2018.10.06"]
[Round "2"]
[White "Ashutosh, Kumar"]
[Black "Navin, Kanna T.u."]
[Result "0-1"]
[WhiteElo "2044"]
[BlackElo "2304"]
[Annotator "TA"]
[PlyCount "66"]
[EventDate "2018.10.05"]
[EventType "swiss"]
[EventCountry "IND"]
[SourceTitle "playchess.com"]
[Source "ChessBase"]
[SourceQuality "1"]

{[%evp 9,66,27,31,29,34,33,29,28,37,29,26,0,28,7,22,22,30,23,66,-31,-46,-45,-14,-54,-43,-55,-55,-91,-20,-140,-140,-169,-152,-558,-304,-358,-336,-356,-347,-332,-243,-446,-180,-428,-420,-393,-398,-514,-496,-1166,-1166,-1165,-1157,-1065,-1070,-980,-975,-29998,-29999]} 1. d4 Nf6 2. Nf3 d5 3. c4 c6 4. e3 e6 5. b3 Nbd7 (5... c5 6. Bb2 cxd4 7. exd4 dxc4 8. bxc4 Qa5+ 9. Nbd2 Ba3 10. Qc1 Bxb2 11. Qxb2 Nc6 12. Be2 Qb4 13. O-O-O {½-½ (57) Short,N (2698)-Duda,J (2706) Heraklio 2017}) 6. Bb2 {D30: Queen's Gambit Declined: Systems without Nc3} Ne4 7. Nbd2 f5 8. Be2 {White has an edge.} (8. Qc2 {looks sharper.} Bd6 9. Be2 O-O 10. O-O Qe7 11. Ne5) 8... Bd6 9. O-O O-O 10. g3 Qf6 11. Qc1 g5 $146 ({Predecessor:} 11... Rf7 12. Ba3 Bc7 13. b4 g5 14. b5 h5 15. bxc6 bxc6 16. cxd5 exd5 17. Qc2 {½-½ (41) Borges,L (2215)-Umetsubo,O Sao Paulo 1998}) 12. Nxe4 dxe4 13. Nd2 g4 14. Bxg4 (14. c5 $14 Bc7 15. d5) 14... fxg4 $15 15. Nxe4 Qe7 16. Nxd6 Qxd6 17. Ba3 c5 18. Qd1 h5 {[#]} (18... Rf3 $1 $17) 19. h3 $1 {[%mdl 512]} b6 $1 $17 (19... gxh3 20. Qxh5) 20. hxg4 Bb7 $36 {[%mdl 2048] Keeping White busy.} 21. gxh5 $2 (21. e4 $17 {is more resistant.} Bxe4 22. dxc5 Qxd1 23. Rfxd1 Nxc5 24. Rd4) 21... Rf3 ({And not} 21... Qc6 22. Qg4+ Kh8 23. f3 $1 $14 {[%mdl 512]}) 22. d5 Raf8 23. e4 Qe5 24. Qd2 Qxh5 25. Bb2 $2 (25. Bc1 Qh3 26. Qg5+ Kh7 27. Qe7+ R8f7 28. Qh4+ Qxh4 29. gxh4) 25... e5 (25... exd5 $142 26. exd5 Nf6 27. Bxf6 R8xf6) 26. Rae1 $2 (26. Kg2 {is the only way for White.}) 26... Nf6 $19 27. Bc1 {[#]} Bc8 $1 28. Re2 {If only White now had time for Qh6....} Bh3 29. Rfe1 (29. Qh6 $142 Bxf1 30. Kxf1) 29... Ng4 {( -> ...Nxf2)} 30. Qg5+ Qxg5 31. Bxg5 Rxf2 32. Rxf2 Rxf2 33. d6 Rg2+ {Precision: White = 21%, Black = 54%.} 0-1

[Event "1st Gujarat GM Open 2018"]
[Site "Ahmedabad"]
[Date "2018.10.06"]
[Round "2"]
[White "Gandhi, Anish"]
[Black "Gomes, Mary Ann"]
[Result "0-1"]
[WhiteElo "2042"]
[BlackElo "2302"]
[Annotator "TA"]
[PlyCount "103"]
[EventDate "2018.10.05"]
[EventType "swiss"]
[EventCountry "IND"]
[SourceTitle "playchess.com"]
[Source "ChessBase"]
[SourceQuality "1"]

{[%evp 28,103,13,-54,-62,-66,-56,-48,-66,-52,-45,0,0,-105,-87,-90,-105,-93,-104,-92,-90,-148,-87,-136,-128,-186,-179,-189,-183,-187,-189,-204,-200,-205,-191,-208,-208,-249,-247,-254,-246,-233,-255,-347,-379,-353,-373,-416,-422,-606,-482,-584,-572,-737,-710,-724,-691,-1239,-648,-636,-635,-729,-727,-688,-704,-1015,-970,-1390,-1194,-1818,-1833,-1756,-1799,-4694,-4594,-5145,-4618,-29997]} 1. e4 c5 2. Nf3 d6 3. d4 cxd4 4. Nxd4 Nf6 {[%cal Bg8f6,Bf6d7,Bd7e5,Be5c6,Bc6b4][%mdl 32]} 5. Nc3 a6 6. h3 e6 7. g4 Nfd7 8. g5 Be7 9. Be3 Nc6 10. h4 Nxd4 11. Qxd4 Ne5 12. Be2 O-O 13. O-O-O {B81: Sicilian Scheveningen: Keres Attack} (13. f4 Nc6 14. Qd2 b5 15. Bf3 Bb7 16. Qf2 Qd7 17. Bg4 Qe8 18. O-O Na5 19. f5 f6 20. fxe6 fxg5 {1-0 (45) Naroditsky,D (2472)-Firat,B (2393) Groningen 2011}) 13... b5 14. f4 Nc6 15. Qd2 {LiveBook: 3 Games} ({White should try} 15. Qb6 $11 Qe8 16. Bf2) 15... Qa5 $1 $15 16. a3 $1 b4 17. axb4 Nxb4 18. Kb1 Bd7 $146 ({Predecessor:} 18... Bb7 19. Bf3 Rfc8 20. h5 Rc4 21. Bd4 e5 22. Be3 Rac8 {0-1 (22) Gomes,B (1938)-Pinho,P (2143) Guimaraes 2012}) 19. Bc4 Qc7 20. Bb3 (20. Be2 $11) 20... a5 $1 $17 21. Na4 Bxa4 $1 22. Bxa4 Qc4 23. Bb3 Qxe4 24. Qd4 {[#]} (24. Bd4 $142) 24... Qxd4 ({Black should play} 24... Qf5 $1 25. h5 Rfc8) 25. Bxd4 a4 $36 {[%mdl 2048] Keeping White busy.} 26. Bc4 (26. Ba2 $17) 26... Rfc8 $19 27. Bd3 a3 28. bxa3 Rxa3 29. Bb2 Ra4 30. Bb5 Ra5 31. Bd3 Rb8 {Strongly threatening ...Na2.} 32. Bc4 Rc5 33. Bb3 Nxc2 34. Bxc2 {[#]} Rcb5 $1 35. Bxh7+ Kxh7 36. Rh2 d5 37. Rd3 Bd6 38. Rf3 (38. Rf2 $142) 38... Rb4 39. Rhf2 Bc5 40. Rd2 Bd4 41. Rxd4 Rxd4 {[%mdl 4096] Endgame KRR-KRB} 42. h5 Rd1+ 43. Kc2 Rh1 44. g6+ fxg6 45. hxg6+ Kxg6 46. Rg3+ Kf5 47. Be5 Rbh8 48. Rxg7 R8h3 49. Rg5+ Ke4 50. Rg6 R1h2+ 51. Kc1 Kd3 {( -> ...Rc2+)} 52. Bf6 {Precision: White = 31%, Black = 86%.} 0-1

[Event "1st Gujarat GM Open 2018"]
[Site "Ahmedabad"]
[Date "2018.10.06"]
[Round "2"]
[White "Pranesh M"]
[Black "Srijit Paul"]
[Result "1/2-1/2"]
[WhiteElo "2028"]
[BlackElo "2292"]
[Annotator "TA"]
[PlyCount "64"]
[EventDate "2018.10.05"]
[EventType "swiss"]
[EventCountry "IND"]
[SourceTitle "playchess.com"]
[Source "ChessBase"]
[SourceQuality "1"]

{[%evp 15,64,19,52,-15,-16,-5,-22,-16,0,0,0,0,0,0,0,0,0,-30,-61,-37,0,0,0,0,0,0,0,0,0,0,0,0,0,0,0,0,0,0,0,0,0,0,0,0,0,0,0,0,0,0,0]} 1. e4 e5 2. Nf3 Nc6 3. Bb5 Nge7 4. O-O g6 5. d4 exd4 6. c3 Bg7 7. cxd4 a6 {C60: Ruy Lopez: Unusual Black 3rd moves and 3...g6} (7... d5 8. Bxc6+ Nxc6 9. exd5 Ne7 10. Nc3 O-O 11. Qb3 h6 12. Bf4 b6 13. Qc4 Bb7 14. Bxc7 Qd7 15. Ne5 Bxe5 16. dxe5 Nxd5 {1-0 (24) Zhigalko,A (2584)-Stevic,H (2615) Belgium 2014}) 8. Bc4 O-O {LiveBook: 5 Games} 9. Bg5 (9. d5 $14 Na5 10. Bd3) 9... h6 $11 10. Bh4 d6 11. h3 g5 $146 ({Predecessor:} 11... b5 12. Bb3 Bb7 13. Nc3 Qd7 14. Nd5 Nxd5 15. Bxd5 {½-½ (44) Bjarnason,S (2258)-Pilgaard,K (2440) Torshavn 2003}) 12. Bxg5 $1 hxg5 13. Nxg5 {[#] Intending Qh5 and mate.} Bf6 14. Qh5 {[%csl Gg5][%cal Rh5h7]} Bxg5 $1 15. Qxg5+ Kh7 16. Qh5+ Kg7 {aiming for ...Ng6.} 17. f4 $1 {[%cal Rf4f5]} f5 (17... Nxd4 $6 18. f5 $16) 18. Rf3 $1 {[%cal Rf3g3] [#] Rg3+ would kill now.The position is equal.} Ng6 {Threatens to win with ...Rh8.} 19. Rg3 $36 {[%csl Gh5][%cal Rg3g6][%mdl 2048] White has the initiative.} Nce7 20. Nc3 {Nd5 is the strong threat.} fxe4 21. Nxe4 d5 22. Qe5+ $1 (22. Bxd5 $2 Bf5 $19) 22... Kh6 23. Qg5+ Kg7 $1 24. Qe5+ $1 (24. Bxd5 Bf5 $15) 24... Kh6 25. Qg5+ Kg7 $1 26. Qe5+ $1 ({Don't go for} 26. Bxd5 $2 Rf5 $19) 26... Kh6 27. Qg5+ Kg7 $1 28. Qe5+ $1 ({Not} 28. Bxd5 $2 Rf5 $19) 28... Kf7 (28... Kh6 $5 29. Qg5+ $8 $11) 29. Rxg6 Kxg6 30. Qg5+ Kf7 $1 31. Qh5+ Kg7 (31... Kg8 $5 32. Qg5+ $8 Kf7 33. Qh5+ Kg7 34. Qe5+ Kg8 35. Qg5+ Kh8 36. Qh6+ Kg8 37. Qg5+ $11) 32. Qe5+ Kf7 {Precision: White = 83%, Black = 82%.} (32... Kg6 $5 33. Qg5+ $8 Kf7 34. Qh5+ Kg7 35. Qe5+ Kg8 36. Qg5+ Kh8 37. Qh6+ Kg8 38. Qg5+ Kh8 39. Qh6+ Kg8 40. Qg5+ $11) 1/2-1/2

[Event "1st Gujarat GM Open 2018"]
[Site "Ahmedabad"]
[Date "2018.10.06"]
[Round "2"]
[White "Thipsay, Bagyashree Sathe"]
[Black "Patil, Pratik"]
[Result "1/2-1/2"]
[WhiteElo "2021"]
[BlackElo "2280"]
[Annotator "RC"]
[PlyCount "145"]
[EventDate "2018.10.05"]
[EventType "swiss"]
[EventCountry "IND"]
[SourceTitle "playchess.com"]
[Source "ChessBase"]
[SourceQuality "1"]
[TimeControl "5400+30"]

1. e4 {[%emt 0:00:00]} e6 {[%emt 0:00:23]} 2. d4 {[%emt 0:00:00]} d5 {[%emt 0:00:24]} 3. Nc3 {[%emt 0:00:00]} Bb4 {[%emt 0:02:15]} 4. e5 {[%emt 0:00:02]} Ne7 {[%emt 0:00:07]} 5. a3 {[%emt 0:00:44]} Bxc3+ {[%emt 0:00:05]} 6. bxc3 {[%emt 0:00:05]} c5 {[%emt 0:00:04]} 7. Nf3 {[%emt 0:02:23]} Nbc6 {[%emt 0:00:30]} 8. Bd3 {[%emt 0:04:15]} Qa5 {[%emt 0:00:12]} 9. Bd2 {[%emt 0:00:52]} c4 {[%emt 0:00:46]} 10. Be2 {[%emt 0:00:11]} Bd7 {[%emt 0:00:07]} 11. O-O {[%emt 0:02:33]} Qa4 {[%emt 0:00:20]} 12. Ne1 {[%emt 0:04:53]} O-O-O {[%emt 0:01:08]} 13. g3 {[%emt 0:02:57]} Rdf8 {[%emt 0:02:51]} 14. Ng2 {[%emt 0:01:17]} f5 {[%emt 0:08:51]} 15. exf6 {[%emt 0:00:40]} gxf6 {[%emt 0:00:37]} 16. Bg4 {[%emt 0:05:39]} Nd8 {[%emt 0:10:27]} 17. Re1 {[%emt 0:08:44]} Re8 {[%emt 0:05:14]} 18. Nf4 {[%emt 0:08:19]} Ng6 {[%emt 0:06:19]} 19. Nh5 {[%emt 0:01:16]} Rhf8 {[%emt 0:00:19]} 20. Bh6 {[%emt 0:08:57]} Rf7 {[%emt 0:00:39]} 21. Bg7 {[%emt 0:09:40]} f5 {[%emt 0:02:01]} 22. Bh3 {[%emt 0:00:02]} Rg8 {[%emt 0:07:12]} 23. Bh6 {[%emt 0:07:56]} Nc6 {[%emt 0:01:39]} 24. Bf4 {[%emt 0:03:54]} Nxf4 {[%emt 0:00:30]} 25. Nxf4 {[%emt 0:00:02]} Nd8 {[%emt 0:00:39]} 26. Bg2 {[%emt 0:02:56]} Re8 {[%emt 0:03:39]} 27. Qb1 {[%emt 0:03:21]} Bc6 {[%emt 0:04:19]} 28. Re2 {[%emt 0:01:30]} Rc7 {[%emt 0:04:03]} 29. Qb2 {[%emt 0:03:45]} Bd7 {[%emt 0:02:10]} 30. Rae1 {[%emt 0:00:38]} Rf8 {[%emt 0:00:20]} 31. Qb4 {[%emt 0:02:55]} Qxb4 {[%emt 0:01:58]} 32. cxb4 {[%emt 0:00:16]} b5 {[%emt 0:01:46]} 33. c3 {[%emt 0:01:04]} Rc6 {[%emt 0:00:24]} 34. Bf3 {[%emt 0:00:53]} Ra6 {[%emt 0:00:43]} 35. Ra2 {[%emt 0:00:19]} Kc7 {[%emt 0:01:16]} 36. Bd1 {[%emt 0:00:16]} Kd6 {[%emt 0:01:03]} 37. a4 {[%emt 0:04:44]} Nf7 {[%emt 0:03:41]} 38. h4 {[%emt 0:06:23]} bxa4 {[%emt 0:02:11]} 39. Bc2 {[%emt 0:01:13]} Rb8 {[%emt 0:00:26]} 40. Rea1 {[%emt 0:00:20]} Rbb6 {[%emt 0:00:15]} 41. Bxa4 {[%emt 0:01:19]} Bxa4 {[%emt 0:00:11]} 42. Rxa4 {[%emt 0:00:02]} Rxa4 {[%emt 0:00:00]} 43. Rxa4 {[%emt 0:00:01]} a6 {[%emt 0:00:11]} 44. f3 {[%emt 0:00:00]} Ke7 {[%emt 0:00:00]} 45. Kf2 {[%emt 0:00:00]} Nd6 {[%emt 0:00:00]} 46. Ke3 {[%emt 0:00:00]} Nb5 {[%emt 0:00:00]} 47. Ne2 {[%emt 0:00:00]} Kf6 {[%emt 0:00:00]} 48. Kf4 {[%emt 0:00:00]} Nd6 {[%emt 0:00:00]} 49. Ra5 {[%emt 0:00:00]} Nb7 {[%emt 0:00:00]} 50. Ra1 {[%emt 0:00:00]} Nd6 {[%emt 0:00:00]} 51. g4 {[%emt 0:00:00]} h6 {[%emt 0:00:00]} 52. Rg1 {[%emt 0:00:00]} fxg4 {[%emt 0:00:00]} 53. fxg4 {[%emt 0:00:00]} Ne4 {[%emt 0:00:00]} 54. g5+ {[%emt 0:00:00]} hxg5+ {[%emt 0:00:00]} 55. hxg5+ {[%emt 0:00:00]} Kg7 {[%emt 0:00:00]} 56. Ke5 {[%emt 0:00:00]} Nd2 {[%emt 0:00:00]} 57. Rg3 {[%emt 0:00:43]} Ne4 {[%emt 0:00:00]} 58. Rg2 {[%emt 0:00:28]} Nd2 {[%emt 0:00:00]} 59. Ng3 {[%emt 0:01:01]} Nf3+ {[%emt 0:00:00]} 60. Kf4 {[%emt 0:00:14]} Ne1 {[%emt 0:00:00]} 61. Rh2 {[%emt 0:01:12]} Nd3+ {[%emt 0:00:00]} 62. Kg4 {[%emt 0:00:03]} e5 {[%emt 0:00:00]} 63. dxe5 {[%emt 0:00:42]} Nxe5+ {[%emt 0:00:00]} 64. Kf5 {[%emt 0:00:17]} Nf3 {[%emt 0:00:00]} 65. Nh5+ {[%emt 0:00:28]} Kf7 {[%emt 0:00:00]} 66. Rh3 {[%emt 0:02:39]} Nxg5 {[%emt 0:00:00]} 67. Kxg5 {[%emt 0:00:16]} d4 {[%emt 0:00:00]} 68. Rf3+ {[%emt 0:00:20]} Ke7 {[%emt 0:00:00]} 69. cxd4 {[%emt 0:03:03]} Rxb4 {[%emt 0:00:00]} 70. Kf4 {[%emt 0:01:13]} Kd6 {[%emt 0:00:00]} 71. Ke4 {[%emt 0:01:01]} Rb3 {[%emt 0:00:00]} 72. Rf6+ {[%emt 0:00:29]} Kc7 {[%emt 0:00:00]} 73. Rxa6 1/2-1/2